000 01109nam a2200277 a 4500
001 BRCA_1632
005 20190320203504.0
008 930920s1991 sp-a---###---#100-0#spa-d
020 _a60076334
040 _aDLC
_cDLC
041 _aspaengfregerita
050 4 _aNA6690
_b.A77 1991
245 1 0 _aEl arquitecto y el museo
_c[editores Luisa López Moreno, José Ramón López Rodríguez, Fernando Mendoza Castells].
260 _a[Seville?]
_bColegio Oficial de Arquitectos de Andalucía Occidental
_c1990
300 _a405 p.
_bil. (algunas a color)
_c30 cm.
500 _aTexto en : español, inglés, francés, alemán, italiano
650 1 4 _aMuseo de Arquitectura
_vCongresos
_95111
650 1 4 _aEdificios
_xUsos de remodelación
_95112
650 1 4 _aArquitectos
_vCongresos
_95113
700 1 _aLópez Moreno, Luisa
_95114
700 1 _aLópez Rodríguez, José Ramón
_95115
700 1 _aMendoza Castells, Fernando
_95116
710 2 _aColegio Oficial de Arquitectos de Andalucía Occidental
_95117
710 2 _aAndalusia (España)
_bConsejería de Cultura y Medio Ambiente
_95118
942 _2lcc
_cB
999 _c1437
_d1437